000 00384pab a2200145 454500
008 180718b2004 xxu||||| |||| 00| 0 eng d
100 _aGoha, G.
245 _aA tool to evaluate `services' with special reference to railways' passenger service
260 _c2004
300 _ap.219-21.
362 _aMar
650 _aRailways
773 _aManagement Accountant
909 _a59818
999 _c59818
_d59818